000 00631nam a2200229 a 4500
001 10914
003 BD-RjUL
005 20211208235035.0
008 140125s1965 nyua b 000 0 eng
035 _a(BD-RjUL)10963
040 _aDLC/ICU
_cICU
_dDLC
_dBD-RjUL
_beng
041 _aeng
082 0 0 _a551.5
_bRII
100 1 _aRiehl, Herbert,
_d1915-
_933019
245 1 0 _aIntroduction to the atmosphere /
_cHerbert Riehl
260 _aNew York :
_bMcGraw-Hill,
_cc1965.
300 _axi, 365 p. :
_bill. ;
_c23 cm.
504 _aBibliography: p. 347-350.
650 0 _aAtmosphere.
_933731
942 _2ddc
_cBK
999 _c10914
_d10914